Countries By First Three Letters - Statistics

General Stats
  • This quiz has been taken 174 times
    159 since last reset
  • The average score is 26 of 32
Answer Stats
Hint Answer % Correct
Aus Australia
99%
Ira Iraq
98%
Nig Niger
98%
Aus Austria
97%
Ind India
97%
Ira Iran
97%
Nig Nigeria
97%
Chi China
96%
Yem Yemen
94%
Slo Slovakia
93%
Slo Slovenia
92%
Ind Indonesia
91%
Chi Chile
86%
Uni United States
85%
Sou South Korea
84%
Uni United Kingdom
81%
Sou South Africa
80%
Mau Mauritania
79%
Mal Mali
77%
Mau Mauritius
77%
Mal Malaysia
75%
Mal Maldives
74%
Sou South Sudan
74%
Uni United Arab Emirates
74%
Mal Malawi
69%
Mon Mongolia
66%
Mon Monaco
63%
Mon Montenegro
62%
Sai Saint Lucia
51%
Mal Malta
50%
Sai Saint Kitts And Nevis
49%
Sai Saint Vincent And The Grenadines
48%
No matching quizzes found
Score Distribution
Percent of People with Each Score
Percentile by Number Answered
Your Score History
You have not taken this quiz since the last reset